The Tempest/ (Record no. 192326)

MARC details
000 -LEADER
fixed length control field 00609nam a22001937a 4500
005 - DATE AND TIME OF LATEST TRANSACTION
control field 20220919151207.0
010 ## - LCCN (DPL NO)
LC control number ENG-135126
020 ## - INTERNATIONAL STANDARD BOOK NUMBER
International Standard Book Number 9780199467204
Terms of availability 200.00
035 ## - SYSTEM CONTROL NUMBER
System control number EN-118658
037 ## - SOURCE OF ACQUISITION
Source of stock number/acquisition DBAD / PUB
082 ## - DEWEY DECIMAL CLASSIFICATION NUMBER
Classification number 882.83
100 ## - MAIN ENTRY--PERSONAL NAME
Personal name Shakespeare, William
245 ## - TITLE STATEMENT
Title The Tempest/
Statement of responsibility, etc William Shakespeare ; Edited By J.R.Sutherland
260 ## - PUBLICATION, DISTRIBUTION, ETC. (IMPRINT)
Place of publication, distribution, etc New Delhi
Name of publisher, distributor, etc Oxford University Press
Date of publication, distribution, etc 2016
270 ## - ADDRESS
Address YMCA Library Building , 1 Jai Singh Road
City New Delhi
Postal code 110001
300 ## - PHYSICAL DESCRIPTION
Extent 183p.
Dimensions 21cm(pbk)
Other physical details Appendix
700 ## - ADDED ENTRY--PERSONAL NAME
Personal name Sutherland, J.R.
942 ## - ADDED ENTRY ELEMENTS (KOHA)
Source of classification or shelving scheme Dewey Decimal Classification
Item type English Books
Call number suffix SHA
Classification part 882.83
Holdings
Withdrawn status Lost status Not for loan Collection code Home library Current library Date acquired Source of acquisition Cost, normal purchase price Full call number Barcode Copy number Cost, replacement price Koha item type
      Fiction Bawana Bawana 19/09/2022 DBAD/PUB 200.00 882.83 SHA EN-118658 1 200.00 English Books

© Delhi Public Library
Hit Counter
free hit counter